1966 1767 1608 1241 1049 1641 1013 1542 1813 1107 1021 1410 1557 1119 1510 1370 1784 1015 1488 1169 1457 1936 1873 1179 1134 1477 1603 1370 1906 1888 1765 1892 1394 1941 1163 1419 1921 1092 1834 1478 1557 1123 1842 1321 1984 1162 1466 1298 1961 1743 1349 1745 1518 1062 1108 1318 1496 1827 1936 1085 1357 1669 1302 1685 1205 1387 1590 1824 1970 1459 1426 1745 1219 1259 1720 1075 1592 1902 1712 1156 1014 1472 1676 1713 1180 1723 1950 1528 1038 1325 1130 1836 1145 1616 1323 1774 1316 1943 1541 BCNSPRNW ULIB Ver.6.0+V

เปลี่ยนเป็นภาษาไทย

Change to English
 แสดงรายละเอียดบรรณานุกรม
  กลับหน้าหลัก

Brief Record : Get Marc (ISO 2709) : E-mail record : QR code < ปิดหน้าต่าง
LEADER : 00000nam 2200000uu 4500
001    13399120760
003     ULIB
008    121015s2543||||th 000 0 tha d
020    ^a9789742224325
090    ^aนว.^bก427ผ
100 0  ^aกาญจนา
245 00 ^aผู้ใหญ่ลีกับนางมา/^cกาญจนา
250    ^aพิมพ์ครั้งแรก
260    ^aกรุงเทพฯ :^bบรรณกิจ,^c2543
300    ^a592หน้า
710 1  ^aบรรณกิจ
945    ^p200^l0^i021046
995    ^aวิภา
999 ^a ใช้งานได้ทุกระบบ
รายการนี้ยังไม่มีแท็ก
คุณยังไม่ได้ล็อกอิน คุณสามารถมีกิจกรรมร่วมกับเว็บไซต์ได้ แต่ต้องล็อกอินก่อน ::
  ล็อกอิน

รายการสื่อสารสนเทศ

ลำดับที่ ประเภท เลขเรียก/บาร์โค้ด สถานที่ สถานะ
1. วิทยาศาสตร์การแพทย์ และสุขภาพ
วิทยาศาสตร์การแพทย์ และสุขภาพ
นว. ก427ผ  
  Barcode: 021046
ห้องสมุดวิทยาเขตสวรรค์ประชารักษ์
►นวนิยาย
บนชั้น
  ขอยืม

รายการใกล้เคียง
    ผู้แต่ง [กาญจนา]

BibComment


ยังไม่เคยถูกคอมเมนท์

คอมเมนท์ทรัพยากรรายการนี้
  คอมเมนท์: ผู้ใหญ่ลีกับนางม..


 Copyright 2026. Bcnsprnw @Library